<?xml version="1.0" encoding="UTF-8"?>
<record
    xmlns:xsi="http://www.w3.org/2001/XMLSchema-instance"
    xsi:schemaLocation="http://www.loc.gov/MARC21/slim http://www.loc.gov/standards/marcxml/schema/MARC21slim.xsd"
    xmlns="http://www.loc.gov/MARC21/slim">

  <leader>00542nam a2200157Ia 4500</leader>
  <controlfield tag="008">230524t2020||||xx |||||||||||||| ||spa||</controlfield>
  <datafield tag="100" ind1=" " ind2=" ">
    <subfield code="a">Heizer, Jay</subfield>
  </datafield>
  <datafield tag="245" ind1=" " ind2="0">
    <subfield code="a">Administraci&#xF3;n de Operaciones</subfield>
  </datafield>
  <datafield tag="260" ind1=" " ind2=" ">
    <subfield code="b">Universidad Internacional del Ecuador</subfield>
    <subfield code="c">2020</subfield>
  </datafield>
  <datafield tag="260" ind1=" " ind2=" ">
    <subfield code="c">2020</subfield>
  </datafield>
  <datafield tag="519" ind1=" " ind2=" ">
    <subfield code="b">Ingenier&#xED;a Industrial y Sistemas</subfield>
    <subfield code="c">Planeaci&#xF3;n y Control de la Producci&#xF3;n         255101D22A</subfield>
  </datafield>
  <datafield tag="538" ind1=" " ind2=" ">
    <subfield code="a">Acceso v&#xED;a web</subfield>
  </datafield>
  <datafield tag="540" ind1=" " ind2=" ">
    <subfield code="f">ACCESO ABIERTO</subfield>
  </datafield>
  <datafield tag="856" ind1=" " ind2=" ">
    <subfield code="u">https://repositorio.uide.edu.ec/handle/37000/4146</subfield>
  </datafield>
  <datafield tag="942" ind1=" " ind2=" ">
    <subfield code="c">Recurso Electr&#xF3;nico</subfield>
  </datafield>
  <datafield tag="952" ind1=" " ind2=" ">
    <subfield code="0">0</subfield>
    <subfield code="1">0</subfield>
    <subfield code="2">lcc</subfield>
    <subfield code="4">0</subfield>
    <subfield code="7">0</subfield>
    <subfield code="a">BD-UIN</subfield>
    <subfield code="b">BD-UIN</subfield>
    <subfield code="d">2023-05-26</subfield>
    <subfield code="l">0</subfield>
    <subfield code="o">296</subfield>
    <subfield code="p">296</subfield>
    <subfield code="r">2023-05-26</subfield>
    <subfield code="t">Ilimitado</subfield>
    <subfield code="w">2023-05-26</subfield>
    <subfield code="y">RAA</subfield>
  </datafield>
  <datafield tag="999" ind1=" " ind2=" ">
    <subfield code="c">105298</subfield>
    <subfield code="d">105298</subfield>
  </datafield>
</record>
